000 00953nam a2200265 a 4500
001 BRCA_7470
005 20190320205841.0
008 100413s2000----u--a######---#000-0#eng-#
020 _a0807125334
041 _aeng
044 _au
050 4 _aNK7198.S6
_b.L58 2000
100 1 _aLittleton, Taylor
_96124
245 1 0 _aThe color of silver
_bWilliam Spratling, his life and art
_cTaylor D. Littleton.
260 _aBaton Rouge
_bLouisiana State University Press
_c2000
300 _axviii, 322 p.
_bil., 52 láminas
_c24 cm.
440 0 _aSouthern biography series
_96125
500 _aIncluye índice alfabético
504 _aBibliografía: p. [307]-314
600 1 4 _aSpratling, William
_d1900-1967
_96126
650 1 4 _aPlateros
_vBiografías
_zMéxico - Taxco de Alarcón
_96127
650 1 4 _aPlatería
_xHistoria
_ySiglo XX
_zMéxico
_96128
650 1 4 _aDecoración y ornamentación
_xArt deco
_zMéxico - Taxco de Alarcón
_96129
942 _2lcc
_cB
999 _c7146
_d7146